Statistics for Procrastination Word Quiz

Click here to take the quiz!

General Stats

  • This quiz has been taken 41 times
  • The average score is 8 of 20

Answer Stats

HintAnswer% Correct
Orange root vegetable.Carrot
81%
A building where gambling games are played.Casino
81%
An artist who draws cartoons.Cartoonist
69%
Someone who vigorously supports their country.Patriot
67%
Large cruise ship that sank in 1912.Titanic
61%
The capital of Cyprus.Nicosia
56%
Someone who betrays a friend or own country.Traitor
56%
Someone who believes their race is superior.Racist
53%
Inability to empty the bowels.Constipation
44%
A minister in charge of a Christian churchPastor / Parson
42%
A unit of weight for diamonds.Carat
39%
A view or judgment formed about something.Opinion
39%
The removal of the testicles of a male animal.Castration
36%
Someone who makes or sells eyeglassesOptician
33%
A pot associated with saloons used for spitting into.Spittoon
25%
A violent disturbance of the peace by a crowd.Riot
22%
A member of the aristocracy.Aristocrat
19%
A fixed pattern of behavior in animals.Instinct
19%
An empress of Russia before 1917.Tsarina
6%
Extremely evil or wicked.Satanic
0%

Score Distribution

Percentile by Number Answered

Percent of People with Each Score

Your Score History

You have not taken this quiz